Formula 1 Drivers Quiz - Statistics

General Stats
  • This quiz has been taken 33 times
  • The average score is 16 of 20
Answer Stats
Hint Answer % Correct
Red Bull Max Verstappen
100%
Ferrari Charles Leclerc
88%
McLaren Lando Norris
88%
Mercedes Lewis Hamilton
88%
Ferrari Carlos Sainz
84%
Aston Martin Fernando Alonso
84%
Mercedes George Russel
84%
Red Bull Sergio Perez
84%
Alpine Pierre Gasly
80%
RB Yuki Tsunoda
80%
Williams Alexander Albon
76%
Alpine Esteban Ocon
76%
McLaren Oscar Piastri
76%
Aston Martin Lance Stroll
72%
Williams Logan Sargeant
72%
Kick Sauber Valtteri Bottas
72%
Haas Kevin Magnussen
68%
Haas Nico Hulkenberg
68%
Kick Sauber Zhou Guanyu
64%
RB Daniel Riccardo
60%
No matching quizzes found
Score Distribution
Percent of People with Each Score
Percentile by Number Answered
Your Score History
You have not taken this quiz